000 00665nam a2200289Ia 4500
005 20260324121206.0
008 008 260324s9999 xx 000 0 eng d
020 _a9780203095935
037 _aEBOOK
040 _aCRL
040 _beng
040 _cCRL
041 _2eng
041 _aeng
084 _qCRL
100 _aNicola Whitton
_91101742
245 0 _aDigital Games and Learning
245 0 _bResearch and Theory
260 _bTaylor and Francis
260 _c2014
365 _a
365 _b240
856 _uhttp://www.taylorfrancis.com/books/9780203095935
942 _cEBOOK
999 _c1753494
_d1753494